zpět

Detail výsledku týmu

Quest Lounge, Ostrava

Datum a čas kvízu

19 Celkem bodů Celkový počet nahraných bodů na tomto kvízu bez doplňovacích otázek.
2. Pořadí na kvízu Konečné umístění týmu na tomto kvízu.

Zaznamenané odpovědi

# Otázka Odpověď Body Výsledky
1. Minulý týden projednával Městs... krabice od banánů, Lidl 0.5
2. Slovenská vláda schválila plán... medvěd 0
3. Minulý týden vystoupila rovnou... Dua Lipa; Na ostří nože 0.5
4. Jak se jmenuje horská chata le... Luční bouda 0
5. Dvojnásobná grandslamová šampi... Jiří Novák 0
6. Milovníci komiksů se každoročn... Comic-Con 1
7. Hlavní postavy ze seriálu Teor... Stuart 0
8. Jedním z nejoblíbenějších komi... 1A 2B 3D 4C 0
9. Jak se jmenuje muž s iniciálam... Kája (Karel) Saudek 0
10. V současné době vychází v komi... Karel Čapek, R.U.R. 1